Online
Catalog

Refranero dominicano / (Record no. 19610)

MARC details
000 -CABECERA
campo de control de longitud fija 00849nam a2200241 a 4500
001 - NÚMERO DE CONTROL
campo de control 000020102
003 - IDENTIFICADOR DEL NÚMERO DE CONTROL
campo de control DO-SdBNP
005 - FECHA Y HORA DE LA ÚLTIMA TRANSACCIÓN
campo de control 20250409144249.0
008 - DATOS DE LONGITUD FIJA--INFORMACIÓN GENERAL
campo de control de longitud fija 100721s1950 it r 000 0 spa d
040 ## - FUENTE DE LA CATALOGACIÓN
Centro catalogador/agencia de origen DO-SdBNP
Lengua de catalogación spa
Centro/agencia transcriptor BNPHU
082 ## - NÚMERO DE LA CLASIFICACIÓN DECIMAL DEWEY
Número de clasificación 398.961
Número de documento/Ítem R696r
100 1# - ENTRADA PRINCIPAL--NOMBRE DE PERSONA
Nombre de persona Rodríguez Demorizi, Emilio,
Fechas asociadas al nombre 1908-1986
9 (RLIN) 1039
245 10 - MENCIÓN DE TÍTULO
Título Refranero dominicano /
Mención de responsabilidad, etc. Emilio Rodríguez Demorizi ; prólogo M. de J. Troncoso de la Concha.
260 ## - PUBLICACIÓN, DISTRIBUCIÓN, ETC.
Lugar de publicación, distribución, etc. Roma :
Nombre del editor, distribuidor, etc. Stad. Tipográfico G. Menaglia,
Fecha de publicación, distribución, etc. 1950.
300 ## - DESCRIPCIÓN FÍSICA
Extensión 274 p. ;
Dimensiones 23 cm.
500 ## - NOTA GENERAL
Nota general Incluye notas al pie de las páginas
504 ## - NOTA DE BIBLIOGRAFÍA, ETC.
Nota de bibliografía, etc. Bibliografía : p. 271-274
590 ## - NOTA LOCAL (RLIN)
Nota local Inventariado, 2019/BT
650 #4 - PUNTO DE ACCESO ADICIONAL DE MATERIA--TÉRMINO DE MATERIA
Término de materia o nombre geográfico como elemento de entrada Proverbios y refranes dominicanos
9 (RLIN) 18876
650 #0 - PUNTO DE ACCESO ADICIONAL DE MATERIA--TÉRMINO DE MATERIA
Término de materia o nombre geográfico como elemento de entrada Folclore
Subdivisión geográfica República Dominicana
9 (RLIN) 33448
700 1# - PUNTO DE ACCESO ADICIONAL--NOMBRE DE PERSONA
Nombre de persona Troncoso de la Concha, M. J.,
Término indicativo de función/relación pról.
9 (RLIN) 42691
942 ## - ELEMENTOS DE PUNTO DE ACCESO ADICIONAL (KOHA)
Fuente del sistema de clasificación o colocación Dewey Decimal Classification
Tipo de ítem Koha Libro
Holdings
Estado de retiro Estado de pérdida Restricciones de uso No para préstamo Código de colección Localización permanente Ubicación/localización actual Ubicación en estantería Fecha de adquisición Número de inventario Total de préstamos Signatura topográfica completa Código de barras Fecha visto por última vez Número de copia Precio válido a partir de Tipo de ítem Koha Nota pública
        Raros y valiosos General General Depósito 31.05.2011 LF1   398.961 R696r 20102-30 25.06.2020 e.3 25.06.2020 Préstamo en sala Dedicado
        Raros y valiosos General General Depósito 31.05.2011 LF1   398.961 R696r 20102-40 25.06.2020 e.4 25.06.2020 Préstamo en sala Dedicado
        Raros y valiosos General General Depósito 18.07.2019 LF1   398.961 R696r 20102-50 25.06.2020 e.5 25.06.2020 Préstamo en sala Perteneció a la biblioteca personal de la familia Reyes Duluc.
      Excluido de préstamo Raros y valiosos Patrimonio Dominicano Patrimonio Dominicano Depósito 21.07.2010 LF1   398.961 R696r 20102-10 25.06.2020   25.06.2020 No se presta Perteneció a la biblioteca personal de Julio Ortega Frier.
      Excluido de préstamo Raros y valiosos Patrimonio Dominicano Patrimonio Dominicano Depósito 31.05.2011 LF1   398.961 R696r 20102-20 25.06.2020 e.2 25.06.2020 No se presta Perteneció a la biblioteca personal de Martínez Boog.

Powered by Koha